00177nam a22000977a 4500040000700000082000800007100000700015245003100022260001600053300001000069 cSK a333 aNA aTropical forestry handbook aNAbNA cNA a162p.